000
00295nam a22001337a 4500
999
_c
13789
_d
13789
020
_a
9780745696683
082
_a
301
100
_a
Anthony Giddens and Philip W. Sutton
245
_a
Sociology
250
_a
8th edition
260
_a
UK
_b
Polity
_c
2017
300
_a
XI, 1130 pages
942
_c
BK